Zawodnicy z największą ilością walk w KSW - Statystyki

Ogólne statystyki
  • Ten quiz został rozwiązany 543 razy
  • Średni wynik to 6 z 11
Statystyki odpowiedzi
Hint Odpowiedź % Poprawnych
20 Mariusz Pudzianowski
95%
23 Mamed Khalidov
94%
23 Michał Materla
90%
14 Borys Mańkowski
79%
21 Łukasz Jurkowski
65%
18 Jan Błachowicz
50%
16 Karol Bedorf
48%
18 Artur Sowiński
45%
21 Antoni Chmielewski
30%
17 Krzysztof Kułak
25%
15 Aslambek Saidov
21%
Nie znaleziono quizów pasujących do podanych kryteriów
Rozkład punktacji
Procent ludzi z każdym wynikiem
Percentyl według liczby udzielonych odpowiedzi
Twoja historia wyników
Nie rozwiązałeś tego quizu